000 00873namaa2200205 i 4500
001 177710
003 ES-MaACL
005 20260306063017.0
008 110413s1882 fr | |||| ||fre d
100 1 _aLeroux, Alfred,
_d1855-1921
_9146171
245 1 0 _aRecherches critiques sur les relations politiques de la France avec l'Allemagne, de 1292 à 1378 /
_cpar Alfred Leroux.
260 _aParis :
_bF. Vieweg,
_c1882.
300 _aXI 288 p. [2] h. ;
_c25 cm.
490 1 _aBibliothéque de l'école des hautes études. Sciences philologiques et historiques ;
_vfasc. 50
651 _aFrancia-
_xRelaciones-
_zAlemania.
_9146172
651 _aAlemania-
_xRelaciones-
_zFrancia.
_9146173
830 0 0 _aBibliothèque de l'École des Hautes Études. Sciences historiques et philologiques
_vfasc. 50
_9229685
852 _aES-MaACL
_jC-7586
999 _c177710
_d177710